000 00271nam a22001217a 4500
020 _a0-7214-1546-6
082 _a823
_bDAL/E
100 _aDALY, AUDREY
245 _aTHE ELVES AND THE SHOEMAKER
260 _aUK
_bLADYBIRD
650 _aENGLISH SHORT STORY
_zUK
942 _cBK
999 _c3831
_d3831